| 000 | 00620nam a2200217 a 4500 | ||
|---|---|---|---|
| 005 | 20210219152859.0 | ||
| 008 | 991125n 000 0 u | ||
| 035 | _aUPN01000064973 | ||
| 100 | _aDULTZIN DUBIN, Susana | ||
| 222 | _aEDUCACION : REVISTA DEL CONSEJO NACIONAL TÉCNICO DE LA EDUCACIÓN | ||
| 245 | _aAspectos de la educación musical en México | ||
| 300 | _a81-104 | ||
| 362 | _a1982 4ê época, vol. 8, no. 41 jul.-sep. | ||
| 653 | 0 | _aEDUCACION ARTISTICA | |
| 653 | 0 | _aEDUCACION MUSICAL | |
| 653 | 0 | _aINBA | |
| 653 | 0 | _aMEXICO | |
| 653 | 0 | _aMUSICA | |
| 904 |
_aAC _b002784 |
||
| 905 | _aArticulo | ||
| 999 |
_c62835 _d62835 |
||